Statistics for Ülke Üstünlükleri - ABD Hariç

Click here to take the quiz!

General Stats

  • This quiz has been taken 754 times
  • The average score is 7 of 20

Answer Stats

KategoriSonraki iki ülke% Correct
En çok İngilizce konuşanlar (anadili)Birleşik Krallık | Kanada
84%
Mevcut döviz kurlarında en büyük ekonomiÇin | Japonya
84%
En yüksek askeri bütçeÇin | Hindistan
67%
En çok askeri silah ihracatıRusya | Almanya
65%
En çok İngilizce konuşanlar (toplam)Hindistan | Pakistan
49%
En çok nükleer enerji üretimiFransa | Çin
40%
En çok göçmenAlmanya | Suudi Arabistan
39%
En yüksek ham petrol üretimi (2020)Rusya | Suudi Arabistan
38%
En çok Nobel Ödülü kazanmakBirleşik Krallık | Almanya
37%
Batı Yarımküre'deki en yüksek nüfusBrezilya | Meksika
36%
En yüksek Hıristiyan nüfusBrezilya | Meksika
30%
En çok 100 metre koşu dalında altın madalyaJamaika | Birleşik Krallık
25%
En çok modern Olimpiyat oyunlarına ev sahipliği yapmak (2021’e kadar)Fransa | Japonya | İtalya
23%
En çok Grand Slam tenis şampiyonluğu (Açık Dönem)Avustralya | İspanya
11%
En büyük toplam kayak pisti uzunluğuFransa | Avusturya
8%
En çok yıldıza sahip ülke bayrağıBrezilya | Özbekistan
7%
En çok, büyük güzellik yarışması kazanmakVenezuela | Filipinler
7%
En çok Yüzme dalında altın madalyaAvustralya | Macaristan
2%
Batı Yarımküre'de en erken bağımsızlık ilanıHaiti | Ekvador
2%
En çok Major League beyzbol oyuncularının doğduğu yer
Dominik Cumhuriyeti | Venezuela
0%

Score Distribution

Percentile by Number Answered

Percent of People with Each Score

Your Score History

You have not taken this quiz